000 00814nam a2200205 a 4500
001 000036290
005 20200930075641.0
008 120112s1946 mx 001 0 spa d
040 _aDO-SdBNP
_bspa
_cBNPHU
082 _axxxx
_bV398f, 1946
100 1 _aVecchio, Giogio del
_962415
245 1 0 _aFilosofia del derecho y estudios de filosofía del derecho /
_cGiogio del Vecchio, Luis Recasens Siches.
250 _a3a ed. aum.
260 _aMéxico :
_bUnion Tipografia Editorial Hispano-America,
_c1946.
300 _av. ;
_c22 cm.
500 _aLa biblioteca posee el v. 2
500 _aIncluye notas y referencias bibliográficas al pie las páginas e índice
505 _gv. 2
_tParte histórica con exrenso apédice sobre el pensamiento en hispano-América
700 1 2 _aRecasens Siches, Luis,
_etr.
_962416
999 _c35781
_d35781